000 00334nam a2200145Ia 4500
008 221030s9999 xx 000 0 und d
041 _aEnglish
082 _a105.23
100 _aA. Leon
245 0 _aFundamentals of Information Technology
_cby A. Leon, M. Leon
260 _c0
650 _aB
700 _aM. Leon
942 _cBK
999 _c10537
_d10537